000 004410000a22001810004500
003 MACL
005 20151021100441.0
008 151021b xxu||||| |||| 00| 0 eng d
040 _aMACL
_cMACL
041 _aEnglish
082 _a954/AHM
100 _aQandhari , Muhammad Arif
_916003
245 _aTarikh I̜ A̜kbari
260 _aDelhi
_bPragati Publications
_c1993
350 _a350
650 _aHistory
_916004
942 _cBK
_k954
_2ddc
999 _c3497
_d3497